कृषि यंत्र निर्माण चयनिका/ (Record no. 14893)

MARC details
000 -LEADER
fixed length control field 01714nam a22002777a 4500
005 - DATE AND TIME OF LATEST TRANSACTION
control field 20080819095720.0
008 - FIXED-LENGTH DATA ELEMENTS--GENERAL INFORMATION
fixed length control field 080819t xxu||||| |||| 00| 0 hin d
010 ## - LIBRARY OF CONGRESS CONTROL NUMBER
LC control number HIN-83948
020 ## - INTERNATIONAL STANDARD BOOK NUMBER
International Standard Book Number 7164063x
Terms of availability 450.00
035 ## - SYSTEM CONTROL NUMBER
System control number HN-56294
037 ## - SOURCE OF ACQUISITION
Stock number DBAD / PUB
040 ## - CATALOGING SOURCE
Original cataloging agency DPL
Language of cataloging HN
082 ## - DEWEY DECIMAL CLASSIFICATION NUMBER
Classification number 681.763
100 ## - MAIN ENTRY--PERSONAL NAME
Personal name भारद्वाज, कैलाश चन्द्र
245 ## - TITLE STATEMENT
Title कृषि यंत्र निर्माण चयनिका/
Statement of responsibility, etc कैलाश चन्द्र भारद्वाज एवं मदन मोहन पाण्डेय ;जगदीप सक्सेना द्वारा संपादित
246 ## - VARYING FORM OF TITLE
Title proper/short title Krishi Yantra nirmaan chayanika
Remainder of title by Kailash Chandra Bhardwaj and Madan Mohan Pandey; edited by Jagdeep Saxena
260 ## - PUBLICATION, DISTRIBUTION, ETC. (IMPRINT)
Place of publication, distribution, etc दिल्ली
Name of publisher, distributor, etc भारतीय कृषि अनुसंधान परिषद
Date of publication, distribution, etc 2006
270 ## - ADDRESS
Address 37-ए, कुन्दन नगर, बैंक एंक्लेव, लक्ष्मी नगर
City दिल्ली
Postal code 110092
300 ## - PHYSICAL DESCRIPTION
Extent 321पृ
Dimensions 24सेमी(सजिल्द)
Other physical details सचित्र
650 ## - SUBJECT ADDED ENTRY--TOPICAL TERM
Topical term or geographic name as entry element कृषि
General subdivision औजार
-- मशीन
-- उपस्कर निर्माण
650 ## - SUBJECT ADDED ENTRY--TOPICAL TERM
Topical term or geographic name as entry element Agriculture
General subdivision Instruments
-- Machines
-- Equipments manufacturing
700 ## - ADDED ENTRY--PERSONAL NAME
Personal name पाण्डेय, मदन मोहन
700 ## - ADDED ENTRY--PERSONAL NAME
Personal name सक्सेना, जगदीप
942 ## - ADDED ENTRY ELEMENTS (KOHA)
Source of classification or shelving scheme Dewey Decimal Classification
Koha item type Hindi Books
Classification part 681.763
Call number suffix भारद्वा
Holdings
Withdrawn status Lost status Damaged status Not for loan Collection code Home library Current library Date acquired Cost, normal purchase price Total Checkouts Full call number Barcode Date last seen Copy number Cost, replacement price Price effective from Koha item type
      Not For Loan Non-fiction D.B.Act.Division D.B.Act.Division 19/08/2008 450.00   681.763 भारठHN-56294 15/09/2008 1 450.00 15/09/2008 Hindi Books

© Delhi Public Library
Hit Counter
free hit counter